000 00802nam a2200253Ia 4500
003 GCL
008 140319s9999 xx 000 0 ara d
040 _aGCL /
_cGCL
082 0 4 _a301.14
_bم ت
100 1 _aهناء حافظ بدوى
245 1 0 _aتكنولوجيا الاتصال والخدمة الاجتماعية /
_cهناء حافظ بدوى
700 1 _aمحمد سيد فهمى
260 _a[S.N] :
_bبرنت للطباعة ،
_c1991
300 _a339 ص
490 _a
650 0 4 _aالتربية
650 0 4 _aالخدمة الاجتماعية
650 0 4 _aالاتصالات
650 0 4 _aالاجتماع
650 0 4 _aالثقافة الجماهيرية
650 0 4 _aالاتصال
650 0 4 _aالوسائل السمعية والبصرية
942 _2ddc
_cBK
999 _c56006
_d56006